01500nam a2200349 a 4500001001000000003000500010005001700015008004100032010001100073011001100084040000900095090001000104100003900114245014700153260004100300500006000341502009300401590004100494590004000535590004000575650002900615650003900644650003500683650004400718856007000762901000700832942001000839942000600849999001900855952014000874952013601014000111116CHAP20220329144159.0141204s2014 mx sm |||||||spa d a107578 a108550 cCHAP aTesis1 aPérez Luna, Roberto Ivan912891810aZonas de conservación para la recarga de los mantos acuíferos en la cuenca del Rio Cutzamalah[En línea]cpor Roberto Ivan Pérez Luna. aChapingo, Méx. :bEl autor,c2014. aPara ver el contenido del material haga clic en la liga aTesis (Ing. Agr. Esp. en Recursos Naturales Renovables ) -- UACH. Departamento de Suelos aE11695DGDb10c20141207lUCH01h1448 aE5765TAJb05c20141204lUCH01h1136 aE5765TAJb05c20141204lUCH01h113714aBalance hídrico.9960214aCuenca del Río Cutzamala.93004214aCuencas hidrológicas.93009214aRecarga de aguas subterráneas.994980 aFinding aiduhttp://10.13.5.2/tesis/sist111116.pdfzTeclea aquí aBK cTESIS n0 c107578d107578 00102local4053708TESISaBCbBCcPA_TESISd2014-12-04fTESISl0oTesisp33724002439082r2019-12-31 00:00:00tc.2w2019-12-31yTESIS 00104054718TESISaBCbBCd2014-12-04fTESISl0oTesisp33724002439124r2019-12-31 00:00:00w2019-12-31yTESISzRecien adquirido